[Event "ONJK 2017 A"]
[Site "Borne, Netherlands"]
[Date "2017.08.11"]
[Round "8"]
[White "Weidema, Luuk"]
[Black "Weber, Jannis"]
[Result "1/2-1/2"]
[WhiteElo "1412"]
[BlackElo "1878"]
[PlyCount "119"]
[EventDate "2017.08.??"]

1. Nf3 Nf6 2. g3 g6 3. Bg2 Bg7 4. O-O c6 5. c4 O-O 6. Nc3 d5 7. cxd5 cxd5 8. d4
Nc6 9. Bg5 h6 10. Bf4 Qb6 11. b3 Bf5 12. Rc1 Rfc8 13. Re1 Be4 14. Na4 Qd8 15.
Nc5 Qb6 16. Na4 Qb5 17. Ne5 Bxg2 18. Nxc6 Rxc6 19. Rxc6 Qxc6 20. Kxg2 Rc8 21.
Qd3 b6 22. Qa6 b5 23. Qxc6 Rxc6 24. Nc5 Ne4 25. Nxe4 dxe4 26. Rc1 Rxc1 27. Bxc1
h5 28. e3 f5 29. Ba3 Kf7 30. Bc5 a6 31. Bb6 g5 32. f3 g4 33. f4 Ke6 34. Kf2 Kd5
35. Ke2 e6 36. Bc5 Bf6 37. Bb4 Bd8 38. Kd1 a5 39. Be1 a4 40. Kc2 Bc7 41. Bb4
Bd8 42. Be1 Kc6 43. Kd1 Kb6 44. Kc2 Be7 45. Bd2 h4 46. Be1 hxg3 47. hxg3 Kc6
48. Kd1 Kd5 49. Kc2 Kc6 50. Kd1 Kb6 51. Kc2 Ka6 52. Kb2 Kb7 53. Kc2 Kb6 54. Kb2
Bf8 55. Bd2 Ka6 56. Kc2 Bd6 57. Be1 Bc7 58. Kb2 Bb6 59. Bd2 Bd8 60. Be1 1/2-1/2

[Event "ONJK 2017 A"]
[Site "Borne, Netherlands"]
[Date "2017.08.11"]
[Round "8"]
[White "Schuttevaer, Tim"]
[Black "Hofstra, Tijmen"]
[Result "1-0"]
[WhiteElo "1628"]
[BlackElo "1551"]
[PlyCount "41"]
[EventDate "2017.08.??"]

1. e4 c5 2. Nf3 e6 3. d4 cxd4 4. Nxd4 Bc5 5. Nc3 Qb6 6. Be3 Nc6 7. Ncb5 Nxd4 8.
Bxd4 Bxd4 9. Qxd4 Qxd4 10. Nxd4 Ne7 11. O-O-O O-O 12. Bc4 d5 13. exd5 Nxd5 14.
Bxd5 exd5 15. Rhe1 Bd7 16. Re5 Bc6 17. Nf5 Rfe8 18. Ne7+ Kf8 19. Rde1 Rad8 20.
b3 Rd6 21. Nxc6 1-0

[Event "ONJK 2017 A"]
[Site "Borne, Netherlands"]
[Date "2017.08.11"]
[Round "8"]
[White "Limberg, Thomas"]
[Black "Koning, Femke"]
[Result "1/2-1/2"]
[WhiteElo "1753"]
[BlackElo "1456"]
[PlyCount "98"]
[EventDate "2017.08.??"]

1. d4 d5 2. c4 dxc4 3. Nf3 Bf5 4. e3 e6 5. Bxc4 Nf6 6. Nc3 Nbd7 7. O-O Nb6 8.
Bd3 Bxd3 9. Qxd3 c6 10. Rd1 Bd6 11. e4 Bb4 12. Bg5 Be7 13. Ne5 O-O 14. Qg3 Nh5
15. Bxe7 Qxe7 16. Qf3 Nf6 17. Rd2 Rfd8 18. Rad1 h6 19. Qe2 Rac8 20. Nc4 Nxc4
21. Qxc4 b5 22. Qe2 a6 23. e5 Nd5 24. Ne4 a5 25. Nd6 Rc7 26. Rc1 Nf4 27. Qf3
Nd5 28. Qa3 Qg5 29. Rdc2 Nf4 30. Qf3 f6 31. Ne4 Qf5 32. exf6 gxf6 33. Rc5 Nh3+
34. Kf1 Qxf3 35. gxf3 Rxd4 36. Rxc6 Rxc6 37. Rxc6 Nf4 38. Rd6 Rxd6 39. Nxd6 Nd3
40. Nxb5 Nxb2 41. Ke2 Nc4 42. f4 Kf7 43. Kd3 Nb6 44. Ke4 f5+ 45. Ke5 Nc4+ 46.
Kd4 Nd2 47. Ke3 Nc4+ 48. Kd3 Nb6 49. Kd4 Nd5 1/2-1/2

[Event "ONJK 2017 A"]
[Site "Borne, Netherlands"]
[Date "2017.08.11"]
[Round "8"]
[White "Langie, Jeroen"]
[Black "Bosma, Jan"]
[Result "0-1"]
[WhiteElo "1432"]
[BlackElo "1673"]
[PlyCount "72"]
[EventDate "2017.08.??"]

1. d4 d5 2. c4 e6 3. Nc3 c5 4. dxc5 d4 5. Ne4 Bxc5 6. Nf3 Bb4+ 7. Bd2 Be7 8. e3
Nc6 9. a3 Nf6 10. Nxf6+ Bxf6 11. exd4 Nxd4 12. Bc3 Nxf3+ 13. Qxf3 Bxc3+ 14.
Qxc3 Qg5 15. Qb4 a5 16. Qb5+ Qxb5 17. cxb5 b6 18. a4 Bb7 19. f3 Rc8 20. Bd3 Ke7
21. Kf2 Rc5 22. Rad1 Rhc8 23. Rd2 Bd5 24. Ra1 f5 25. Re2 Kf6 26. f4 h6 27. h4
g5 28. hxg5+ hxg5 29. g3 Rh8 30. Ra3 Rh2+ 31. Ke3 Rh3 32. Kf2 Rc1 33. Rc3 Rxc3
34. bxc3 gxf4 35. c4 fxg3+ 36. Kg1 Rh1# 0-1

[Event "ONJK 2017 A"]
[Site "Borne, Netherlands"]
[Date "2017.08.11"]
[Round "8"]
[White "Boekhoudt, Nicolien"]
[Black "Kratz, Alexander"]
[Result "0-1"]
[WhiteElo "1274"]
[BlackElo "1536"]
[PlyCount "48"]
[EventDate "2017.08.??"]

1. e4 e5 2. Nf3 Nc6 3. c3 d5 4. Qa4 dxe4 5. Qxe4 Nf6 6. Qe2 Bg4 7. Qe3 Qd5 8.
Be2 O-O-O 9. O-O Bc5 10. d4 exd4 11. cxd4 Nxd4 12. Nxd4 Bxd4 13. Qd2 Qh5 14.
Bxg4+ Nxg4 15. h3 Bxf2+ 16. Rxf2 Rxd2 17. Rxd2 Qc5+ 18. Kf1 Qxc1+ 19. Ke2 Re8+
20. Kf3 Re3+ 21. Kxg4 Qc4+ 22. Kf5 Qe4+ 23. Kg5 Rg3+ 24. Kh5 Qg6+ 0-1

[Event "ONJK 2017 A"]
[Site "Borne, Netherlands"]
[Date "2017.08.11"]
[Round "8"]
[White "De Boer, Sipke"]
[Black "De Jong, Eliza"]
[Result "0-1"]
[WhiteElo "1331"]
[BlackElo "1610"]
[PlyCount "50"]
[EventDate "2017.08.??"]

1. g3 e5 2. Bg2 d5 3. d3 f5 4. e4 Nf6 5. exd5 Nxd5 6. Nf3 Nc6 7. O-O Bd6 8. b3
O-O 9. Bb2 f4 10. Nbd2 Bg4 11. Re1 Nd4 12. h3 {Diagram #} fxg3 13. hxg4 gxf2+
14. Kxf2 Qh4+ 15. Kg1 Nxf3+ 16. Nxf3 Qg3 17. Bxe5 Bxe5 18. Rxe5 Nf4 19. Qd2
Nh3+ 20. Kf1 Rxf3+ 21. Bxf3 Qxf3+ 22. Ke1 Qg3+ 23. Kf1 Qxe5 24. Re1 Qg3 25. Ke2
Qxg4+ 0-1

[Event "ONJK 2017 A"]
[Site "Borne, Netherlands"]
[Date "2017.08.11"]
[Round "8"]
[White "Lansink, Jelmer"]
[Black "Berghuis, Thomas"]
[Result "1-0"]
[WhiteElo "1144"]
[BlackElo "1427"]
[PlyCount "77"]
[EventDate "2017.08.??"]

1. e4 c5 2. Nf3 Nc6 3. d4 cxd4 4. Nxd4 Nf6 5. Nc3 d5 6. exd5 Nxd5 7. Nxc6 bxc6
8. Nxd5 Qxd5 9. Qxd5 cxd5 10. Bb5+ Bd7 11. Bxd7+ Kxd7 12. Be3 e5 13. c3 f5 14.
f4 e4 15. Rd1 Ke6 16. Ke2 Rb8 17. Rd2 a6 18. Rhd1 Be7 19. Bd4 Rhg8 20. b4 h6
21. Be5 Rbd8 22. a4 g5 23. g3 gxf4 24. gxf4 Rg4 25. b5 axb5 26. axb5 Bc5 27. c4
Rg2+ 28. Kf1 Rxd2 29. Rxd2 d4 30. Rg2 d3 31. Rg6+ Ke7 32. Rg7+ Ke8 33. Rg8+ Bf8
34. Bg7 Kf7 35. Rxf8+ Rxf8 36. Bxf8 Kxf8 37. b6 e3 38. b7 d2 39. Ke2 1-0

[Event "ONJK 2017 A"]
[Site "Borne, Netherlands"]
[Date "2017.08.12"]
[Round "9"]
[White "Van Malder, Dries"]
[Black "Bekedam, Tyro"]
[Result "1/2-1/2"]
[WhiteElo "1916"]
[BlackElo "2042"]
[PlyCount "109"]
[EventDate "2017.08.??"]

1. d4 d5 2. c4 c6 3. Nf3 Nf6 4. Qc2 e6 5. g3 Nbd7 6. Bg2 Bd6 7. O-O O-O 8. Nbd2
Re8 9. b3 b5 10. e4 Bf8 11. Bb2 Qb6 12. e5 Ng4 13. Ng5 g6 14. Bh3 Nh6 15. c5
Qd8 16. f4 Bg7 17. a3 Nf8 {=} 18. Bc3 a5 19. Rf2 Ba6 20. b4 a4 21. Raf1 Bc8 22.
Qd3 Ra7 23. Ndf3 Ree7 24. Ne1 Rec7 25. Nc2 Rcb7 26. Bd2 Rc7 27. g4 Qe8 28. f5
exf5 29. gxf5 Bxf5 30. Bxf5 Nxf5 31. Ne3 Nxe3 32. Bxe3 Ne6 33. Qd2 Re7 34. Nh3
Nf8 35. Bg5 Rec7 36. Bh6 Ne6 37. Bxg7 Kxg7 38. Rf6 Re7 39. Qf2 Rac7 40. Qh4 Qg8
41. R1f3 Qc8 42. Ng5 Nxg5 43. Qxg5 Kg8 44. Rd6 Qe8 45. Rff6 Rc8 46. Rxc6 Rxc6
47. Rxc6 Rxe5 48. Rxg6+ fxg6 49. dxe5 Qd7 50. Kg2 d4 51. Kf2 Qd5 52. Qf6 d3 53.
Qd6 Qa2+ 54. Kg3 d2 55. Qd8+ 1/2-1/2

[Event "ONJK 2017 A"]
[Site "Borne, Netherlands"]
[Date "2017.08.12"]
[Round "9"]
[White "Godde, Matthias"]
[Black "Ramacker, Quinten"]
[Result "0-1"]
[WhiteElo "1956"]
[BlackElo "1981"]
[PlyCount "54"]
[EventDate "2017.08.??"]

1. d4 Nf6 2. Nf3 e6 3. e3 d5 4. Bd3 Bd6 5. O-O Nbd7 6. b3 e5 7. dxe5 Nxe5 8.
Nxe5 Bxe5 9. c3 {Diagram #} Bxh2+ 10. Kxh2 Ng4+ 11. Kg3 h5 12. Kf3 Qh4 13. Ke2
Nh2 14. Rh1 Qg4+ 15. Kd2 Qxg2 16. Bf1 Qxf2+ 17. Qe2 Ng4 18. Na3 Qf6 19. Bh3 Nf2
20. Bxc8 Ne4+ 21. Kc2 Rxc8 22. Rxh5 Rxh5 23. Qxh5 Qf2+ 24. Kd3 Qf1+ 25. Kd4 c5+
26. Ke5 Qf6+ 27. Kxd5 Qe6# {Diagram #} 0-1

[Event "ONJK 2017 A"]
[Site "Borne, Netherlands"]
[Date "2017.08.12"]
[Round "9"]
[White "Kanbier, Max"]
[Black "Pauwels, Xander"]
[Result "0-1"]
[WhiteElo "1849"]
[BlackElo "2099"]
[PlyCount "58"]
[EventDate "2017.08.??"]

1. d4 Nf6 2. Nf3 e6 3. Bf4 d5 4. e3 c5 5. c3 Nc6 6. h3 Bd6 7. Bh2 O-O 8. Nbd2
Qe7 9. Ne5 Bxe5 10. dxe5 Nd7 11. Nf3 f6 12. exf6 Nxf6 13. Bd3 e5 14. Bb5 e4 15.
Bxc6 bxc6 16. Ne5 Bd7 17. g4 Rac8 18. g5 Ne8 19. Bf4 Bf5 20. h4 Qb7 21. Qe2 Nc7
22. g6 Ne6 23. Bh2 h6 24. Nf7 Qb5 25. Qh5 Qxb2 26. Be5 Qxa1+ 27. Kd2 Qb2+ 28.
Kd1 Qb1+ 29. Kd2 Qd3+ 0-1

[Event "ONJK 2017 A"]
[Site "Borne, Netherlands"]
[Date "2017.08.12"]
[Round "9"]
[White "Teschler, Ansgar"]
[Black "Dauw, Sterre"]
[Result "1-0"]
[WhiteElo "1791"]
[BlackElo "1958"]
[PlyCount "115"]
[EventDate "2017.08.??"]

1. d4 Nf6 2. c4 e6 3. Nc3 c5 4. d5 exd5 5. cxd5 d6 6. e4 g6 7. Nge2 Bg7 8. Ng3
O-O 9. Be2 Re8 10. O-O a6 11. a4 Nbd7 12. Bf4 h6 13. Be3 Ne5 14. f3 b6 15. Qd2
Kh7 16. h3 h5 17. Bg5 Qc7 18. f4 Ned7 19. f5 Rb8 20. Rf2 c4 21. fxg6+ fxg6 22.
Raf1 Rf8 23. Bd1 b5 24. axb5 axb5 25. Nce2 Qd8 26. Nd4 Qe8 27. Ne6 Rf7 28. Nxh5
gxh5 29. Bxh5 Nxh5 30. Rxf7 Ne5 31. Nxg7 Nxg7 32. Rf8 Qh5 33. Bf6 Ra8 34. Bxe5
Qxe5 35. R1f6 Ra1+ 36. Kf2 Qh5 37. Rh8+ Kxh8 38. Rh6+ Qxh6 39. Qxh6+ Kg8 40.
Qxd6 Ba6 41. Qd8+ Kh7 42. d6 c3 43. d7 c2 44. Qh4+ Kg6 45. d8=Q Rf1+ 46. Kxf1
c1=Q+ 47. Qe1 b4+ 48. Kf2 Qc5+ 49. Qe3 Qc2+ 50. Qdd2 Qc8 51. Qh6+ Kf7 52. Qd5+
Ne6 53. Qf5+ Ke7 54. Qhf6+ Kd6 55. Qd5+ Kc7 56. Qf7+ Kb8 57. Qfxe6 Qc2+ 58. Kg3
1-0

[Event "ONJK 2017 A"]
[Site "Borne, Netherlands"]
[Date "2017.08.12"]
[Round "9"]
[White "Moerman, Thomas"]
[Black "Van Doren, Bas"]
[Result "0-1"]
[WhiteElo "1900"]
[BlackElo "1748"]
[PlyCount "148"]
[EventDate "2017.08.??"]

1. d4 f5 2. g3 e6 3. Bg2 Nf6 4. Nf3 Be7 5. O-O O-O 6. c4 d6 7. Nc3 a5 8. b3 Ne4
9. Bb2 Nxc3 10. Bxc3 Qe8 11. Ne1 Nd7 12. e4 f4 13. Nd3 g5 14. Bf3 Qg6 15. Qe2
e5 16. dxe5 Nxe5 17. Nxe5 dxe5 18. Bg4 Bxg4 19. Qxg4 Rad8 20. Rad1 h5 21. Qe2
f3 22. Qe3 Qe6 23. Rxd8 Bxd8 24. Kh1 b6 25. Qd3 c6 26. Rd1 Qh3 27. Qf1 Qe6 28.
Rd3 Be7 29. Qd1 Qh3 30. Qg1 g4 31. Bxe5 Rd8 32. Rxd8+ Bxd8 {Diagram #} 33. a3
Be7 34. Bc7 Bc5 35. b4 axb4 36. axb4 Bxb4 37. Bxb6 Bc3 38. Bc5 Kf7 39. Bd6 Ke6
40. Bf4 Kf6 41. Bh6 Ke6 42. Bg5 Be1 43. e5 Bc3 44. Bf6 Bd4 45. Bg7 Ke7 46. Bh8
Kf8 47. Bf6 Kg8 48. Bg5 Bxe5 49. Be3 Kf7 50. Bc5 Ke6 51. Be3 Kd7 52. Bb6 Kc8
53. Be3 Bc3 54. Bc5 Kc7 55. Be3 Be1 56. Bc5 Kb7 57. Be3 Ka6 58. Bc5 Bc3 59. Be3
Ka5 60. Bc5 Ka4 61. Bb6 Be1 62. Be3 Kb3 63. c5 Kc4 64. Bg5 Kxc5 65. Be7+ Kc4
66. Bg5 c5 67. Be3 Kb5 68. Bf4 c4 69. Be5 c3 70. Bf4 c2 71. Bg5 Kc4 72. Bf4 Kd3
73. Be3 Ke2 74. Bc1 Bxf2 0-1

[Event "ONJK 2017 A"]
[Site "Borne, Netherlands"]
[Date "2017.08.12"]
[Round "9"]
[White "Van Roon, Sjoerd"]
[Black "Schuttevaer, Tim"]
[Result "1-0"]
[WhiteElo "1894"]
[BlackElo "1628"]
[PlyCount "63"]
[EventDate "2017.08.??"]

1. e4 g6 2. d4 Bg7 3. Be3 d6 4. f3 Nc6 5. Nc3 Bd7 6. Qd2 Nf6 7. O-O-O O-O 8.
Bh6 e5 9. d5 Ne7 10. h4 Nh5 11. g4 Ng3 12. Rh2 Nxf1 13. Rxf1 Kh8 14. Bxg7+ Kxg7
15. h5 Ng8 16. Nge2 Qe7 17. g5 Kh8 18. Rfh1 a6 19. Ng3 Rad8 20. Kb1 Bc8 21.
Nce2 Rd7 22. f4 Qe8 23. f5 Re7 24. f6 Rd7 25. Qe1 c5 26. Nf1 Rc7 27. hxg6 fxg6
28. Rxh7+ Rxh7 29. Rxh7+ Kxh7 30. Qh4+ Nh6 31. Qxh6+ Kg8 32. Qg7# 1-0

[Event "ONJK 2017 A"]
[Site "Borne, Netherlands"]
[Date "2017.08.12"]
[Round "9"]
[White "Kratz, Alexander"]
[Black "De Bock, Thijs"]
[Result "0-1"]
[WhiteElo "1536"]
[BlackElo "1951"]
[PlyCount "58"]
[EventDate "2017.08.??"]

1. d4 Nf6 2. Nc3 d5 3. e4 dxe4 4. f3 exf3 5. Nxf3 Bg4 6. h3 Bh5 7. g4 Bg6 8.
Ne5 e6 9. Qf3 Bb4 10. Qxb7 Qxd4 11. Bb5+ Kd8 12. Nc6+ Nxc6 13. Qxa8+ Ke7 14.
Qxc6 Qe5+ 15. Kf2 Bxc3 16. bxc3 Ne4+ 17. Ke1 {Diagram #} Ng3+ 18. Kd1 Rd8+ 19.
Bd2 Be4 20. Re1 Rxd2+ 21. Kc1 Rxc2+ 22. Kd1 Rd2+ 23. Kc1 Qg5 24. Qe8+ Kf6 25.
h4 Rc2+ 26. Kb1 Rc1+ 27. Kb2 Qd2+ 28. Ka3 Qxc3+ 29. Ka4 Bc2# 0-1

[Event "ONJK 2017 A"]
[Site "Borne, Netherlands"]
[Date "2017.08.12"]
[Round "9"]
[White "Carpentier, Jannes"]
[Black "Weidema, Luuk"]
[Result "1/2-1/2"]
[WhiteElo "1896"]
[BlackElo "1412"]
[PlyCount "66"]
[EventDate "2017.08.??"]

1. b3 e5 2. Bb2 Nc6 3. e3 Nf6 4. c4 Be7 5. Nc3 O-O 6. Nge2 b6 7. Ng3 Re8 8. Bd3
Bb7 9. O-O d5 10. cxd5 Nxd5 11. Nxd5 Qxd5 12. Be4 Qe6 13. Rc1 Bc5 14. d4 exd4
15. exd4 Rad8 16. d5 Qh6 17. Re1 Ne7 18. Nh5 f6 19. Qg4 Bc8 20. Qh4 Nf5 21.
Bxf5 Rxe1+ 22. Rxe1 Bxf5 23. Nxf6+ Kf7 24. Qxh6 gxh6 25. g4 Bc2 26. Rc1 Bd3 27.
b4 Bd6 28. Kg2 Bf4 29. Re1 Rd6 30. Nh5 Bg5 31. f4 Be7 32. Ng3 Rxd5 33. a3 c5
1/2-1/2

[Event "ONJK 2017 A"]
[Site "Borne, Netherlands"]
[Date "2017.08.12"]
[Round "9"]
[White "Weber, Jannis"]
[Black "Dubbeldam, Lydia"]
[Result "1-0"]
[WhiteElo "1878"]
[BlackElo "1735"]
[PlyCount "97"]
[EventDate "2017.08.??"]

1. e4 e6 2. d4 d5 3. Nc3 Nf6 4. Bg5 Bb4 5. e5 h6 6. Bd2 Bxc3 7. bxc3 Ne4 8. Bd3
Nxd2 9. Qxd2 b6 10. Nf3 Ba6 11. h4 Qe7 12. a4 c5 13. h5 c4 14. Be2 Nc6 15. g4
O-O-O 16. Nh4 Rdg8 17. f4 g5 18. hxg6 fxg6 19. f5 gxf5 20. gxf5 Rg1+ 21. Rxg1
Qxh4+ 22. Kd1 exf5 23. Bf3 Ne7 24. Qe1 Qxe1+ 25. Kxe1 Kd7 26. Kf2 h5 27. Rg7
Ke6 28. Rh1 h4 29. Rg5 Bb7 30. Rh5 Rxh5 31. Bxh5 Bc6 32. Ra1 a6 33. Kg2 Ng8 34.
Kh3 Ne7 35. Kxh4 Bd7 36. Kg5 Ng8 37. Rf1 b5 38. axb5 Bxb5 39. Ra1 Ne7 40. Bf3
Kf7 41. Bg2 Ke6 42. Bh3 Kf7 43. Bxf5 Nxf5 44. Kxf5 Bd7+ 45. Kg5 Bb5 46. Kh6 Ke6
47. Kg7 Ke7 48. Ra5 Ke6 49. Kf8 1-0

[Event "ONJK 2017 A"]
[Site "Borne, Netherlands"]
[Date "2017.08.12"]
[Round "9"]
[White "Bosma, Jan"]
[Black "Limberg, Thomas"]
[Result "1-0"]
[WhiteElo "1673"]
[BlackElo "1753"]
[PlyCount "45"]
[EventDate "2017.08.??"]

1. c4 Nf6 2. g3 c6 3. Bg2 d5 4. Nf3 g6 5. O-O Bg7 6. d4 O-O 7. Nc3 dxc4 8. e4
Re8 9. a4 a5 10. h3 Nbd7 11. Be3 e5 12. d5 cxd5 13. exd5 Nb6 14. d6 Bd7 15. Nd2
Bc6 16. Bxb6 Qxb6 17. Nxc4 Qc5 18. Bxc6 Qxc6 19. b3 Bf8 20. Nb5 Rad8 21. Rc1
Qd7 22. Kh2 Re6 23. Nb6 1-0

[Event "ONJK 2017 A"]
[Site "Borne, Netherlands"]
[Date "2017.08.12"]
[Round "9"]
[White "Koning, Femke"]
[Black "De Jong, Eliza"]
[Result "1/2-1/2"]
[WhiteElo "1456"]
[BlackElo "1610"]
[PlyCount "60"]
[EventDate "2017.08.??"]

1. e4 e5 2. Nf3 Nc6 3. d4 exd4 4. Nxd4 Nf6 5. Nxc6 bxc6 6. Bd3 Bc5 7. O-O O-O
8. Nc3 d6 9. Na4 Bg4 10. Qe1 Bb6 11. Bg5 h6 12. Be3 Bxe3 13. Qxe3 Nd7 14. Nc3
Ne5 15. f3 Nxd3 16. cxd3 Bd7 17. Rac1 f5 18. Qd2 Qf6 19. Rfe1 Qd4+ 20. Qe3 Qb6
21. Qf2 Rae8 22. Re2 Be6 23. Qxb6 cxb6 24. Rce1 fxe4 25. dxe4 Bc4 26. Rd2 d5
27. b3 Ba6 28. Red1 dxe4 29. Nxe4 Bc8 30. Nd6 Re7 1/2-1/2

[Event "ONJK 2017 A"]
[Site "Borne, Netherlands"]
[Date "2017.08.12"]
[Round "9"]
[White "Hofstra, Tijmen"]
[Black "Lansink, Jelmer"]
[Result "0-1"]
[WhiteElo "1551"]
[BlackElo "1144"]
[PlyCount "112"]
[EventDate "2017.08.??"]

1. e4 e5 2. Nf3 Nc6 3. Bc4 Bc5 4. c3 Nf6 5. d3 d5 6. exd5 Nxd5 7. Qb3 O-O 8.
Bxd5 Na5 9. Qc2 Qxd5 10. b4 Bg4 11. Nbd2 Bxf2+ 12. Kxf2 Nc6 13. Qb3 Qxd3 14.
Qc4 Qxc4 15. Nxc4 Bxf3 16. gxf3 f6 17. b5 Ne7 18. Ba3 Kf7 19. Na5 Rab8 20. Rad1
Ke6 21. Rd2 Rfd8 22. Rhd1 Rxd2+ 23. Rxd2 Nd5 24. c4 Nf4 25. Nb3 b6 26. Bb4 Rc8
27. c5 Nd5 28. cxb6 cxb6 29. Ba3 Nc3 30. Rd6+ Kf5 31. Rc6 Rxc6 32. bxc6 Nb5 33.
Bb4 Ke6 34. a4 Nc7 35. Bf8 g6 36. Nd2 f5 37. Ke3 Kd5 38. Bg7 Kxc6 39. Bxe5 Ne6
40. f4 Kc5 41. Bb8 a6 42. Ba7 Kc6 43. Nc4 b5 44. Na5+ Kd5 45. axb5 axb5 46. Bb8
Kc5 47. Nb3+ Kc4 48. Nd2+ Kc3 49. Be5+ Kc2 50. Nf3 b4 51. Ng5 Nxg5 52. fxg5 b3
53. Kf4 b2 54. Bxb2 Kxb2 55. h4 Kc3 56. h5 Kd4 0-1

[Event "ONJK 2017 A"]
[Site "Borne, Netherlands"]
[Date "2017.08.12"]
[Round "9"]
[White "Boekhoudt, Nicolien"]
[Black "Langie, Jeroen"]
[Result "0-1"]
[WhiteElo "1274"]
[BlackElo "1432"]
[PlyCount "78"]
[EventDate "2017.08.??"]

1. e4 c6 2. d4 d5 3. f3 dxe4 4. fxe4 Nf6 5. e5 Nd5 6. c4 Nb6 7. Nf3 Bf5 8. Nc3
e6 9. Bd3 Bxd3 10. Qxd3 Be7 11. O-O O-O 12. Ne4 c5 13. Nfg5 Bxg5 14. Nxg5 Qxd4+
15. Qe3 Nxc4 16. Qf2 Qxf2+ 17. Rxf2 Nxe5 18. Bf4 Nd3 19. Rf3 Nxf4 20. Rxf4 Nc6
21. Raf1 Ne5 22. Ne4 b6 23. h4 Rad8 24. g4 Rd4 25. g5 Rfd8 26. h5 Nc4 27. g6 f5
28. gxh7+ Kh8 29. Ng5 Ne5 30. Rxd4 Rxd4 31. Nxe6 Rg4+ 32. Kf2 f4 33. Rd1 f3 34.
Rd5 Rg2+ 35. Kf1 Ng4 36. Rd8+ Kxh7 37. Ng5+ Kh6 38. Nf7+ Kxh5 39. Rd5+ Kh4 0-1

[Event "ONJK 2017 A"]
[Site "Borne, Netherlands"]
[Date "2017.08.12"]
[Round "9"]
[White "Berghuis, Thomas"]
[Black "De Boer, Sipke"]
[Result "1/2-1/2"]
[WhiteElo "1427"]
[BlackElo "1331"]
[PlyCount "90"]
[EventDate "2017.08.??"]

1. e4 d5 2. exd5 Qxd5 3. Nc3 Qa5 4. d4 Nf6 5. Nf3 Bg4 6. h3 Bxf3 7. Qxf3 c6 8.
Bd2 Nbd7 9. Bc4 e6 10. O-O Qc7 11. Rfe1 O-O-O 12. Ne4 Nxe4 13. Rxe4 Nf6 14. Bg5
Nxe4 15. Bxd8 Nd2 16. Qd3 Qxd8 17. Qxd2 Be7 18. Qf4 Bf6 19. c3 Qc7 20. Qe4 g6
21. Bxe6+ Kb8 22. Bc4 Bg7 23. a4 f5 24. Qf3 Qe7 25. b4 Rc8 26. a5 a6 27. Kf1
Re8 28. d5 Qe4 29. Qxe4 Rxe4 30. Bd3 Bxc3 31. Rc1 Bb2 32. Rc2 Rxb4 33. dxc6 Be5
34. Re2 Bc7 35. Re8+ Ka7 36. Re7 Kb8 37. Rxh7 bxc6 38. Rh6 Rd4 39. Bxa6 Rd6 40.
Ke2 Bxa5 41. Bd3 Kc7 42. g4 fxg4 43. hxg4 g5 44. Rxd6 Kxd6 45. Kf3 Ke5 1/2-1/2